100 Wichtigste Straßen Osnabrücks - Statistiken

Allgemein
  • Dieses Quiz wurde 79 mal gespielt
  • Das Durchschnittsergebnis liegt bei 64 aus 100
Antworten auf der Karte
Die Antworten werden auf der Karte rot bzw. grün angezeigt, abhängig davon wie oft sie richtig erraten wurden.
 
Antwortstatistiken
Antwort % Korrekt
A30
80%
A33
80%
Bremer Straße
80%
Bohmter Straße
78%
Natruper Straße
78%
Lotter Straße
76%
Meller Straße
76%
Pagenstecherstraße
76%
Johannisstraße
74%
Erich-Maria-Remarque-Ring
72%
Hannoversche Straße
72%
Martinistraße
72%
Rheiner Landstraße
72%
B65
70%
Große Straße
70%
Iburger Straße
70%
Neumarkt
70%
Sutthauser Straße
70%
Vehrter Landstraße
70%
Bramscher Straße
69%
Buersche Straße
69%
Hasestraße
69%
Johannistorwall
69%
Knollstraße
69%
Oststraße
69%
Dielingerstraße
67%
Hasetorwall
67%
Heger-Tor-Wall
67%
Konrad-Adenauer-Ring
67%
Kurt-Schumacher-Damm
67%
Lerchenstraße
67%
Mindener Straße
67%
Schützenstraße
67%
Tannenburgstraße
67%
Alte Poststraße
65%
Bramstraße
65%
Ellerstraße
65%
Hansastraße
65%
Haster Weg
65%
Ickerweg
65%
In der Dodesheide
65%
Liebigstraße
65%
Natruper-Tor-Wall
65%
Petersburger Wall
65%
Rehmstraße
65%
Schlosswall
65%
Süntelstraße
65%
Wersener Straße
65%
Am Vogelsang
63%
Belmer Straße
63%
Caprivistraße
63%
Goethering
63%
Hunteburger Weg
63%
Kornstraße
63%
Möserstraße
63%
Neuer Graben
63%
Nonnenpfad
63%
Atterstraße
61%
Blumenhaller Weg
61%
Fürstenauer Weg
61%
Heiligenweg
61%
Klosterstraße
61%
Lieneschweg
61%
Parkstraße
61%
Rosenplatz
61%
Wesereschstraße
61%
Wittekindstraße
61%
Haneschstraße
59%
Hügelstraße
59%
Kamp
59%
Kollegienwall
59%
Mozartstraße
59%
Pottgraben
59%
Römereschstraße
59%
Sedanstraße
59%
Stüvestraße
59%
Süsterstraße
59%
Am Kirchenkamp
57%
Gluckstraße
57%
Gretescher Weg
57%
Hardinghausstraße
57%
Narupstraße
57%
Oldenburger Landstraße
57%
Albrechtstraße
56%
Alte Münze
56%
Am Tie
56%
An der Bornau
56%
An der Petersburg
56%
Domhof
56%
Hiärm-Grupe-Straße
56%
Landwehrstraße
56%
Rückertstraße
56%
Schellenbergstraße
56%
Breite Güntke
54%
L88
54%
Leyer Straße
54%
Lortzingstraße
54%
Sandforterstraße
54%
Händelstraße
52%
Springmannskamp
50%
Keine übereinstimmenden Quizze gefunden
Verteilung der Resultate
Anzahl Personen mit jedem Resultat
Perzentil nach korrekt beantworteten Fragen
Ihre Resultats-Entwicklung
Sie haben dieses Quiz noch nicht gespielt